000 02512nam0a2200397 4500
001 RU\NLR\BIBL_A\012788411
005 20260407121743.0
035 _a(NLR Aleph) 012788411
090 _a13145455
_c13145455
100 _a20210916d1904 |||y0rusy50 ca
101 0 _arus
102 _aRU
105 _ay z 000yy
181 0 _ai
_baxxe
182 0 _an
200 1 _aОб увеличении кредита на расходы Комитета по портовым делам
_fГосударственный Совет в Департаменте Государственной Экономии. Главное Управление Торгового Мореплавания и Портов. 3 декабря 1904 года. № 335
203 _aТекст
_bвизуальный
_cнепосредственный
210 _a[Санкт-Петербург
_cб. и.]
_d1904
215 _a[1] с.
_d34
300 _aВ конце текста: Подписали: Граф Сольский, А. Куломзин, Ф. Тернер [и др.]; Скрепил: За Статс-Секретаря А. Кобеляцкий
309 _aБез тит. л. и обл.
601 0 1 _aРоссия
_bКомитет по портовым делам
_jДокументы и материалы
_92543299
_3RU\NLR\AUTH\6601718976
686 3 _aУ37(28)46-212.11,011
702 1 _4720
_8rus
_7ca
_aСольский
_bД. М.
_cгос. деятель
_f1833-1910
_gДмитрий Мартынович
_3RU\NLR\AUTH\7783181
_966109
702 1 _aКуломзин
_bА. Н.
_f1838-1923
_gАнатолий Николаевич
_9169479
_3RU\NLR\AUTH\770169529
702 1 _4720
_7ca
_8rus
_aТернер
_bФ. Г.
_cгос. деятель
_f1828-1906
_gФедор Густавович
_9156929
_3RU\NLR\AUTH\770156969
702 1 _4720
_aКобеляцкий
_bА. И.
_cгос. и хоз. деятель
_f1862-1907
_gАлексей Иванович
_9197579
_3RU\NLR\AUTH\770197630
711 0 1 _aРоссия
_bКомитет по портовым делам
_3RU\NLR\AUTH\889937676
_9370196
711 0 1 _aРоссия
_bГлавное управление торгового мореплавания и портов
_3RU\NLR\AUTH\889957010
_9410114
712 0 1 _4570
_aРоссия
_bДепартамент государственной экономии
_3RU\NLR\AUTH\889933514
_9362122
852 _aNLR
_j135/294-372 (33)
942 _cBOOK
980 _aNB